000 01523nam a2200433 c 4500
001 53115
003 ES-MaCES
005 20250203133003.0
008 240319s2024 sp 000 | spa d
017 _aM 627-2024
_bDL
020 _a9788430989614
040 _aES-MaCES
_bspa
_cES-MaCES
245 0 4 _aLos Estados de Bienestar en la encrucijada
_b: políticas sociales en perspectiva comparada
_cEloísa del Pino, M.ª Josefa Rubio Lara (dirs.) ; [autores], Aguilar Hendrickson Manuel ... [et al.]
250 _a3ª ed
260 _aMadrid
_bTecnos
_c2024
300 _a500 p.
_c23 p.
504 _aBibliografía
541 _cCompra
650 4 _aEstado-Benefactor
_929481
650 4 _aprotección social
_929076
650 4 _apolítica social
_927029
650 4 _areforma de la seguridad social
_930668
650 4 _aglobalización económica
_930653
650 4 _adegradación del medio ambiente
_930722
650 4 _adesigualdad económica
_929371
650 4 _adesigualdad social
_930789
650 4 _alucha contra la pobreza
_930648
650 4 _apaís desarrollado
_927091
650 4 _929020
_apaís de la UE
650 4 _apaís en desarrollo
_927092
650 4 _acomparación
_928892
653 1 0 _aSeguridad Social
700 1 _aRubio Lara, María Josefa
_edir.
_922778
700 1 _aPino, Eloísa, del
_edir.
700 1 _aAguilar Hendrickson, Manuel
_95681
775 0 _tLos Estados de Bienestar en la encrucijada
_w(ES-MaCES)53115
902 _aLIB Libro
942 _2CES
_cBK
_h3.0.
999 _c53115
_d53115